00361nam a2200133Ia 450000500170000000800460001703700180006304000200008104100130010108400090011424500390012326000590016249000060022120250507130044.0008 250505s9999 xx 000 0 eng d aBound Volumes aEASLbengcEASL aeng2eng qEASL 0aJournal of Northeast Asian Studies aUSAbWashington George Washington University USAc0000 v8